00484nam a22001577a 450000500170000001000140001702000260003103500130005703700130007008200120008310000210009524500740011626000460019027000640023630000260030020100811123133.0 aENG-99637 a9780195699333c795.00 aEN-83169 bDBAD/PUB a320.011 aBhargava, Rajeev aWhat is political theory and why do we need it? /cby Rajeev Bhargava aNew Delhi bOxford University Pressc2010 aYMCA Library Building, Jai Singh Road, bNew Delhi e110001 axiv, 406p.c22cm (Hb)